NFL Receivers who have caught interceptions. - Statistics

General Stats
  • This quiz has been taken 15 times
  • The average score is 3 of 5
Answer Stats
Hint Answer % Correct
Falcons Julio Jones
100%
Patriots Randy Moss
73%
Chargers Keenan Allen
53%
Patriots Troy Brown
20%
Jets Keyshawn Johnson
7%
No matching quizzes found
Score Distribution
Percent of People with Each Score
Percentile by Number Answered
Your Score History
You have not taken this quiz